| 000 | 00681nam a2200253Ia 4500 | ||
|---|---|---|---|
| 003 | OSt | ||
| 005 | 20220918222034.0 | ||
| 006 | a|||||r|||| 00| 0 | ||
| 007 | ta | ||
| 008 | 220917b |||||||| |||| 00| 0 eng d | ||
| 024 | _a215,495 | ||
| 037 | _cTextual | ||
| 040 |
_aARTS _cARTS _beng |
||
| 041 |
_2eng _aeng |
||
| 082 | _aV1(Q7).J, P3 | ||
| 100 |
_aRobinson Chase F. _9142059 |
||
| 245 | 0 | _aIslamic historiography | |
| 260 |
_aCambridge _bCambridge university press _c2003 |
||
| 300 |
_axxv, 237 p _ccm. |
||
| 490 | _aThemes in Islamic history | ||
| 650 | _aHISTORY | ||
| 942 |
_hV1(Q7).J, P3 _cTEXL _2CC |
||
| 999 |
_c274394 _d274394 |
||